| 000 | 00686nam a2200265Ia 4500 | ||
|---|---|---|---|
| 008 | 160803s9999 xx 000 0 und d | ||
| 020 | _a9780439917636 | ||
| 100 | _aCapucilli, Alyssa | ||
| 245 | _aBiscuit visits the big city / | ||
| 245 | _cstory by Alyssa Satin Capucilli ; pictures by Pat Schories. | ||
| 260 | _aNew York : | ||
| 260 | _bScholastic Inc. | ||
| 260 | _c2006 | ||
| 300 | _a28 pages : | ||
| 300 | _bcolor illustrations ; | ||
| 300 | _c22 cm. | ||
| 440 | _aI can read book. | ||
| 650 | _aCity and town life -- | ||
| 650 | _aDogs -- | ||
| 650 | _aPuppies -- | ||
| 650 | _xFiction. | ||
| 650 | _xFiction. | ||
| 650 | _xFiction. | ||
| 700 | _a230 | ||
| 999 |
_c299241 _d299241 |
||